Taylor Swift - 1989 - Statistics

General Stats
  • This quiz has been taken 43 times
  • The average score is 19 of 21
Answer Stats
Answer % Correct
Bad Blood
97%
Blank Space
97%
Out Of The Woods | OOTW
95%
Style
95%
Welcome To New York | WTNY
95%
"Slut!"
92%
Wildest Dreams
92%
Clean
90%
New Romantics
90%
Shake It Off
90%
Is It Over Now?
87%
Suburban Legends
87%
This Love
87%
You Are In Love | YAIL
87%
All You Had To Do Was Stay | AYHTDWS
85%
I Wish You Would | IWYW
85%
Now That We Don't Talk
85%
Wonderland
85%
How You Get The Girl | HYGTG
82%
I Know Places
82%
Say Don't Go
82%
No matching quizzes found
Score Distribution
Percent of People with Each Score
Percentile by Number Answered
Your Score History
You have not taken this quiz